| 000 | 00806nam a2200253 a 4500 | ||
|---|---|---|---|
| 001 | BRCA_4216 | ||
| 005 | 20190320204604.0 | ||
| 008 | 090610s1973----mx-a######---#000-0#spa-# | ||
| 041 | _aspa | ||
| 044 | _amx | ||
| 050 | 4 |
_aNK4340.P8 _b.P46 1973 |
|
| 100 | 1 |
_aPeón Soler, Alejandra _910870 |
|
| 245 | 1 | 0 |
_aTalavera de puebla _cAlejandra Peón Soler, Leonor Cortina Ortega. |
| 260 |
_aMéxico _bComermex _c1973 |
||
| 300 |
_a1 v. (sin paginación) _bil. a color, 26 láminas _c24 cm. |
||
| 500 | _aLa biblioteca tiene 2 ejemplares con el mismo número de inventario | ||
| 500 | _aAM24 | ||
| 504 | _aBibliografía: p. [71] | ||
| 650 | 1 | 4 |
_aTalavera poblana _91700 |
| 650 | 1 | 4 |
_aTalavera de puebla _zMéxico _910871 |
| 700 | 1 |
_aCortina Ortega, Leonor _eCoautor _910872 |
|
| 902 | _aGFM | ||
| 942 |
_2lcc _cB |
||
| 999 |
_c3927 _d3927 |
||